000 00680nam a22002175i 4500
001 54678
003 ES-MaACL
005 20230906163011.0
007 t|
008 960725s1869 sp ||||1| spa d
040 _aCAM
_bspa
_cCAM
100 1 _aFunes, Agustín.
_953026
245 1 4 _aLos neos en calzoncillos /
_cpor Funes y Lustonó, redactores de la Iberia.
260 _aMadrid :
_b[s.n.],
_c1868 (
_fImprenta de los señores de Rojas)
300 _a202 p. ;
_c18 cm.
490 1 _aBiblioteca de sapos y culebras
700 1 _aLustonó, Eduardo de.
_974865
830 0 _aBiblioteca de sapos y culebras
_9230306
852 _aES-MaACL
_jD-2449
999 _c54678
_d54678